Sefer Ḥidushim u-veʼurim: (Record no. 32838)

MARC details
000 -LEADER
fixed length control field 00600cam a22002051 4500
001 - CONTROL NUMBER
control field he 68000168
003 - CONTROL NUMBER IDENTIFIER
control field DLC
005 - DATE AND TIME OF LATEST TRANSACTION
control field 20260227111452.0
008 - FIXED-LENGTH DATA ELEMENTS--GENERAL INFORMATION
fixed length control field 880816s1966 is 000 0 hebr
010 ## - LIBRARY OF CONGRESS CONTROL NUMBER
LC control number he 68000168
035 ## - SYSTEM CONTROL NUMBER
System control number (OCoLC)18362370
040 ## - CATALOGING SOURCE
Original cataloging agency DLC
Transcribing agency CU
Modifying agency CU
-- DLC
042 ## - AUTHENTICATION CODE
Authentication code premarc
050 00 - LIBRARY OF CONGRESS CALL NUMBER
Classification number BM506.Z7
Item number G7 1966
100 1# - MAIN ENTRY--PERSONAL NAME
Personal name Grainiman, Ḥayim Shaʼul ben Sh.
245 10 - TITLE STATEMENT
Title Sefer Ḥidushim u-veʼurim:
Remainder of title Zevaḥim,
Statement of responsibility, etc. me-iti Ḥayim Shaʼul Grainiman.
260 ## - PUBLICATION, DISTRIBUTION, ETC.
Place of publication, distribution, etc. Bene-Beraḳ,
Date of publication, distribution, etc. 727 [1966 or 7]
300 ## - PHYSICAL DESCRIPTION
Extent 38 l.
Dimensions 35 cm.
630 00 - SUBJECT ADDED ENTRY--UNIFORM TITLE
Uniform title Talmud.
Name of part/section of a work Zevaḥim
General subdivision Commentaries.

No items available.

Powered by Koha